000 00984nam a22002897a 4500
001 BR0602468
003 BR-BrBNA
005 20230928102146.0
007 ta
008 230509b bl.||||| |||| 00| 0 por d
040 _aBR-BrBNA
_bpor
_cBiblioteca Nacional de Agricultura
041 _a(Por)
072 _aE14; E50
090 _ E14 BR0602468
100 1 _aAbreu, M.P. de
110 1 _aUniversidade Federal de Minas Gerais, Belo Horizonte (Brasil). Escola de Veterinária
_0Tese (Mestre em Medicina Veterinária)
245 1 _aO processo de planejamento em um hospital público e universitário: o discurso e a prática
260 3 _aBelo Horizonte, MG (Brasil):
_c2006.
300 _a64 p.
500 _aSummaries (Eng, Por); Bibliography p. 60-64; 5 illus.
650 _aSAÚDE PÚBLICA
650 _aPLANEJAMENTO ESTRATÉGICO
650 _aADMINISTRAÇÃO PÚBLICA
650 _aPLANEJAMENTO PARTICIPATIVO
909 _a202309
_bLucia
_c55
_dLucia Elande
942 _cBK
999 _c69424
_d69424